000 01050nam a2200193Ia 4500
001 11089
003 GE_BSU
008 181216s||||||||xx |||||||||||||| ||und||
040 _cGE_BSU
080 _a81'374.3=353.1
245 _aქართული ენის განმარტებითი ლექსიკონი.ტ.II. გ.=Толковый словарь грузинского языка.Т.II. Г.
245 _cმთ.რედ.გ.ახვლედიანი, ი.გრიშაშვილი, სიმ.ვაჩნაძე და სხვ. არნ ჩიქობავას საერთო რედაქციით
260 _aთბილისი.
260 _bსაქ.სსრ.მეცნ.აკად.გამ-ბა.
260 _c1951.
300 _a1531გვ;28სმ.
653 _aქართული ენის განმარტებითი ლექსიკონი.ტ.II. გ.=Толковый словарь грузинского языка.Т.II. Г.
942 _cBK
999 _c44330
_d44330